Statystyki dla Wzory fizyka kl. 7

Kliknij tutaj aby rozwiązać quiz!

Ogólne statystyki

  • Ten quiz został rozwiązany 25 razy
    (24 od ostatniego zresetowania)
  • Średni wynik to 18 z 35

Statystyki odpowiedzi

lp.Wzór% Poprawnych
v (predkosc)
ruch jednostajny
m/s
100%
v (predkosc)
ruch przyspieszony
m/s
100%
v (predkosc)
ruch jednostajny
s/t
94%
P (moc)w/t
94%
a (przyspieszenie)f/m
83%
s (droga)
ruch przyspieszony
m
83%
s (droga)
ruch jednostajny
m
83%
a (przyspieszenie)m/s^2
83%
a (przyspieszenie)m/s^2
83%
a (przyspieszenie)D v/t
78%
s (droga)
ruch jednostajny
vt
72%
P (moc)w
72%
tczas
50%
sdroga
50%
vpredkosc
50%
v (predkosc)
ruch przyspieszony
at
44%
W (praca)fs
44%
mmasa
44%
F g (siła ciężkości)mg
44%
E k (energia
kinematyczna)
mv^2/2
44%
aprzyspieszenie
44%
E p (energia
potencjalna)
mgh
39%
fsila
39%
hwysokosc
39%
s (droga)
ruch przyspieszony
at^2/2
33%
Pmoc
33%
Wpraca
33%
gprzyspieszenie ziemskie
33%
E penergia
potencjalna
22%
F g (siła ciężkości)N
22%
F gsila ciezkosci
17%
E k (energia
kinematyczna)
J
11%
E p (energia
potencjalna)
J
11%
W (praca)J
11%
E kenergie
kinetyczna
0%

Rozkład punktacji

Percentyl według liczby udzielonych odpowiedzi

Procent ludzi z każdym wynikiem

Twoja historia wyników

Nie rozwiązałeś tego quizu od ostatniego zresetowania